000 00714nam a2200217Ia 4500
001 14940
003 GE_BSU
008 181216s||||||||xx |||||||||||||| ||und||
040 _cGE_BSU
080 _a514
100 _aБахман,Ф.
245 _aПостроение геометрии на основе понятия симметрии
245 _cПод.ред.И.М.Яглома. Пер. с немецк. Р.И.Пименова
260 _aМосква
260 _bНаука
260 _c1969
300 _a379стр.22см.
300 _eБиблиогр. стр.377-379
653 _aПостроение геометрии на основе понятия симметрии
942 _cBK
999 _c48060
_d48060